000 00505nam a2200193Ia 4500
003 OSt
005 20240726150138.0
008 210210b1983 xxu||||| |||| 00| 0 eng d
040 _cAL
041 _akan
082 _a915.487K RAJB
100 _aRAJAGOPAL (T S)
_9164685
_d ರಾಜಗೋಪಾಲ್ (ಟಿಎಸ್)
245 _aBeluru:
_bಬೇಲೂರು
260 _aBengaluru.
_bA B H Prakashana
_c1983
300 _a48
690 _aGeography
_9164686
906 _a038865
942 _2ddc
_cBK
999 _c89075
_d89075